000 00973nam0a22002531 4500
001 rc\734823
005 20260407104232.0
035 _a(NLR Aleph) 006265023
090 _a6889129
_c6889129
100 _a20040301d1985 |||y0rusy50 ca
101 0 _arus
102 _aRU
105 _aa |||||||||
200 1 _aПреобразование и применение электрической энергии
_e[Сб. ст.]
_fКишин. политехн. ин-т им. С. Лазо
_g[Редкол.: М.Б. Гитис (отв.ред.) и др.]
210 _aКишинев
_cШтиинца
_d1985
215 _a128 с.
_cил.
_d22
320 _aБиблиогр. в конце ст.
702 1 _aГитис
_bМ.Б.
_4340
712 0 2 _aКишиневский политехнический институт им. С. Лазо
_3RU\NLR\AUTH\889933778
_9362627
801 0 _aRU
_bNLR
_gpsbo
801 1 _aRU
_bELAR
_2rusmarc
852 _aNLR
_j85-5/7277
942 _cBOOK
980 _aNB